Normal view
MARC view
Entry Personal Name
001 - CONTROL NUMBER
- control field: 46627
003 - CONTROL NUMBER IDENTIFIER
- control field: dpl
005 - DATE AND TIME OF LATEST TRANSACTION
- control field: 20120508121129.0
008 - FIXED-LENGTH DATA ELEMENTS
- fixed length control field: 120508|||a|||||| | ||| d
040 ## - CATALOGING SOURCE
- Original cataloging agency: dpl
- Transcribing agency: dpl
100 ## - HEADING--PERSONAL NAME
- Personal name: Shashikant, Uma
670 ## - SOURCE DATA FOUND
- Source citation: Work cat.: (dpl): Shashikant, Uma, Global portfolio investments in emerging markets and India /, 1996
670 ## - SOURCE DATA FOUND
- Source citation: Work cat.: (dpl): Shashikant, Uma, Global portfolio investments in emerging markets and India /, 1996
